Prírodné zdroje a holandská choroba

V 60. rokoch minulého storočia Holandsko objavilo veľké zásoby zemného plynu v Severnom mori, následkom čoho došlo k významnému rastu holandských príjmov z exportu zemného plynu. Došlo tak k rastu bohatstva holandskej ekonomiky, na druhej strane však mal tento stav negatívny vplyv na dôležité sektor...

ver descrição completa

Na minha lista:
Detalhes bibliográficos
Autor principal: Grešš, Martin, 1978-
Formato: Capítulo de Livro
Idioma:eslovaco
Assuntos:
Tags: Adicionar Tag
Sem tags, seja o primeiro a adicionar uma tag!

MARC

LEADER 00000naa a2200000 4500
001 0126819
005 20240502072439.2
041 0 |a slo 
044 |a SK 
245 1 0 |a Prírodné zdroje a holandská choroba  |c Martin Grešš 
520 |a V 60. rokoch minulého storočia Holandsko objavilo veľké zásoby zemného plynu v Severnom mori, následkom čoho došlo k významnému rastu holandských príjmov z exportu zemného plynu. Došlo tak k rastu bohatstva holandskej ekonomiky, na druhej strane však mal tento stav negatívny vplyv na dôležité sektory ekonomiky. Gulden posilnil, čím došlo k zníženiu konkurencieschopnosti holandských exportov mimo zemného plynu. 
610 2 0 |a suroviny prírodné 
610 2 0 |a plyn zemný 
610 2 0 |a obchod zahraničný 
610 2 0 |a vývoz 
610 2 0 |a produkcia 
610 2 0 |a mena 
610 2 0 |a konkurencieschopnosť 
610 2 0 |a Holandsko 
100 1 |a Grešš, Martin, 1978-